Biggest Football Stadiums in Greece - Statistics

General Stats
  • This quiz has been taken 32 times
  • The average score is 8 of 20
Answer Stats
Capacity Answer % Correct
69,618 Olympic Stadium (OAKA)
100%
33,334 Georgios Karaiskakis Stadium
97%
32,500 OPAP Arena
97%
22,800 Kleanthis Vikelidis Stadium
77%
28,703 Toumba Stadium
77%
16,003 Apostolos Nikolaidis Stadium
67%
22,700 Panthessaliko Stadium
53%
16,118 AEL FC Arena
50%
14,200 Georgios Kamaras Stadium
33%
26,240 Pankritio Stadium
27%
11,342 Nea Smyrni Stadium
23%
13,108 Alcazar Stadium
20%
27,700 Kaftanzoglio Stadium
20%
10,550 Anthi Karagianni Stadium
17%
11,321 Kostas Davourlis Stadium
17%
23,588 Pampeloponnisiako Stadium
13%
10,000 Hellinikon Stadium
10%
9,500 Serres Municipal Stadium
10%
15,000 Trikala Municipal Stadium
10%
13,000 Municipal Stadium of Karditsa
7%
No matching quizzes found
Score Distribution
Percent of People with Each Score
Percentile by Number Answered
Your Score History
You have not taken this quiz